One Border Countries. - Statistics

General Stats
  • This quiz has been taken 26 times
  • The average score is 16 of 17
Answer Stats
Continent Country % Correct
North America Canada
100%
Africa Lesotho
100%
Europe Portugal
100%
Asia South Korea
100%
North America Haiti
96%
Europe Ireland
96%
Oceania Papua New Guinea
96%
Europe San Marino
96%
Europe Vatican City
96%
Europe Denmark
91%
North America Dominican Republic
91%
Africa Gambia
87%
Europe United Kingdom
87%
Europe Monaco
83%
Asia Qatar
83%
Asia East Timor
78%
Asia Brunei
74%
No matching quizzes found
Score Distribution
Percent of People with Each Score
Percentile by Number Answered
Your Score History
You have not taken this quiz